| 000 | 00431nam a2200169Ia 4500 | ||
|---|---|---|---|
| 003 | GCL | ||
| 008 | 140319s9999 xx 000 0 eng d | ||
| 040 |
_aGCL / _cGCL |
||
| 082 | 0 | 4 |
_a657.42 _bM C |
| 100 | 1 | _aMORIARITY, SHANE | |
| 245 | 1 | 0 |
_aCOST ACCOUNTING / _cMORIARITY, SHANE |
| 700 | 1 | _aALLEN, CARL | |
| 260 |
_a[S.N] : _bJOHN WILEY AND SONS. INC ، _c1991 |
||
| 300 | _a966 | ||
| 650 | 0 | 4 | _aCOST ACCOUNTING |
| 942 |
_2ddc _cBK |
||
| 999 |
_c16414 _d16414 |
||